<?xml version="1.0" encoding="UTF-8"?>
<record
    xmlns:xsi="http://www.w3.org/2001/XMLSchema-instance"
    xsi:schemaLocation="http://www.loc.gov/MARC21/slim http://www.loc.gov/standards/marcxml/schema/MARC21slim.xsd"
    xmlns="http://www.loc.gov/MARC21/slim">

  <leader>00317nam a22000977a 4500</leader>
  <controlfield tag="008">150401b        xxu||||| |||| 00| 0 eng d</controlfield>
  <datafield tag="020" ind1=" " ind2=" ">
    <subfield code="a">0333170881</subfield>
    <subfield code="c">Available</subfield>
  </datafield>
  <datafield tag="082" ind1=" " ind2=" ">
    <subfield code="a">541.33NIC</subfield>
    <subfield code="b">002849</subfield>
  </datafield>
  <datafield tag="245" ind1=" " ind2=" ">
    <subfield code="a">Complexes and First-Row Transition Elements</subfield>
    <subfield code="c">Nicholls David</subfield>
    <subfield code="h">English</subfield>
  </datafield>
  <datafield tag="260" ind1=" " ind2=" ">
    <subfield code="a">London</subfield>
    <subfield code="b">Macmillan Education LTD</subfield>
    <subfield code="c">1974</subfield>
  </datafield>
  <datafield tag="999" ind1=" " ind2=" ">
    <subfield code="c">24770</subfield>
    <subfield code="d">24770</subfield>
  </datafield>
  <datafield tag="952" ind1=" " ind2=" ">
    <subfield code="0">0</subfield>
    <subfield code="1">0</subfield>
    <subfield code="2">ddc</subfield>
    <subfield code="4">0</subfield>
    <subfield code="7">0</subfield>
    <subfield code="a">RCMS</subfield>
    <subfield code="b">RCMS</subfield>
    <subfield code="c">DISPLAY</subfield>
    <subfield code="d">2015-04-01</subfield>
    <subfield code="l">2</subfield>
    <subfield code="o">541.33NIC </subfield>
    <subfield code="p">RCMS002849</subfield>
    <subfield code="r">2016-08-09</subfield>
    <subfield code="s">2015-10-20</subfield>
    <subfield code="w">2015-04-01</subfield>
    <subfield code="y">BK</subfield>
  </datafield>
</record>
